Online Catalogue and eLibrary

Thiranaivuk kolkaikal (Record no. 4065)

MARC details
000 -LEADER
fixed length control field 00491nam a2200205Ia 4500
005 - DATE AND TIME OF LATEST TRANSACTION
control field 20250320134543.0
008 - FIXED-LENGTH DATA ELEMENTS--GENERAL INFORMATION
fixed length control field 240331s9999 xx 000 0 und d
082 ## - DDC Classification
Item Number - Author Mark NAD
Class No. 894
100 ## - MAIN ENTRY--PERSONAL NAME
Personal name Nadarajan, T.S
245 #0 - TITLE STATEMENT
Title Thiranaivuk kolkaikal
260 ## - PUBLICATION, DISTRIBUTION, ETC.
Place of publication, distribution, etc. Shivagangai
Name of publisher, distributor, etc. Anam ( Pvt) Ltd
Date of publication, distribution, etc. 1990
300 ## - PHYSICAL DESCRIPTION
Extent (e.g. Volumes, Pages etc.) 166 p .,
650 ## - SUBJECT ADDED ENTRY--TOPICAL TERM
Topical term or geographic name entry element amaippiyal
650 ## - SUBJECT ADDED ENTRY--TOPICAL TERM
Topical term or geographic name entry element ariviyal
650 ## - SUBJECT ADDED ENTRY--TOPICAL TERM
Topical term or geographic name entry element Ullavayil
650 ## - SUBJECT ADDED ENTRY--TOPICAL TERM
Topical term or geographic name entry element Samuthaayaviyal
650 ## - SUBJECT ADDED ENTRY--TOPICAL TERM
Topical term or geographic name entry element nadaiyiyal
650 ## - SUBJECT ADDED ENTRY--TOPICAL TERM
Topical term or geographic name entry element maarksiyaviyal
942 ## - Koha item type (Biblio)
Koha item type Books in Stacks (Lending)
Holdings
Lost status Damaged status Collection code Home library Current library Shelving location Date acquired Full call number Accession Number Item type
    Lending WERC Library WERC Library Social Science Cupboard 03/31/2024 894.811 NAD 5435 Books in Stacks (Lending)

© WERC Library